Zgadnij państwo po ciekawostce - Statystyki

Ogólne statystyki
  • Ten quiz został rozwiązany 174 razy
  • Średni wynik to 11 z 17
Statystyki odpowiedzi
Hint Odpowiedź % Poprawnych
Kraj ten słynie z wielkich jezior i z produkcji syropu klonowego Kanada
95%
To państwo wygrało Mistrzostwa Świata w Piłce nożnej 2022 roku Argentyna
92%
Co piaty człowiek na ziemi mieszka w tym Kraju Chiny
91%
Ten kraj podarował Ameryce Statuę Wolności Francja
87%
W tym kraju obchodzone jest święto Tomatina w którym ludzie obrzucają się pomidorami Hiszpania
81%
Jest to największy hiszpańskojęzyczny kraj Meksyk
76%
Z tego kraju pochodzi religia shinto Japonia
72%
Dopiero w 2013 roku piwo zostało uznane za napój alkoholowy w tym kraju Rosja
67%
W tym kraju kręcony został Władca Pierścieni Nowa Zelandia
66%
Nazwa tego kraju w Ameryce Południowej w języku hiszpańskim oznacza Równik Ekwador
64%
W tym kraju urodził się założyciel Max Factor Polska
64%
Największymi wyspami w tym kraju są: Celebes, Borneo, Sumatra i Jawa Indonezja
61%
Ten kraj ma najmniejszą gęstość zaludnienia na świecie Mongolia
53%
Jest to największy kraj który nie ma armii Islandia
47%
Każda wioska i miasto ma swojego patrona w tym kraju Włochy
45%
W tym kraju jest najwięcej piramid. Sudan
43%
W tym państwie jest największy procent ludzi otyłych Nauru
34%
Nie znaleziono quizów pasujących do podanych kryteriów
Rozkład punktacji
Procent ludzi z każdym wynikiem
Percentyl według liczby udzielonych odpowiedzi
Twoja historia wyników
Nie rozwiązałeś tego quizu